FIG work plan 2000-2003 (Record no. 100620)

MARC details
000 -LEADER
fixed length control field 00618cam a2200217 4500
008 - FIXED-LENGTH DATA ELEMENTS--GENERAL INFORMATION
fixed length control field 000000n2000 000 0 eng u
020 ## - INTERNATIONAL STANDARD BOOK NUMBER
International Standard Book Number 8790907043
035 ## - SYSTEM CONTROL NUMBER
System control number (Sirsi) u106732
050 ## - LIBRARY OF CONGRESS CALL NUMBER
Classification number 526.9
110 ## - MAIN ENTRY--CORPORATE NAME
Corporate name or jurisdiction name as entry element Federation International Des Geometres
245 ## - TITLE STATEMENT
Title FIG work plan 2000-2003
260 ## - PUBLICATION, DISTRIBUTION, ETC.
Place of publication, distribution, etc. Denmark
Name of publisher, distributor, etc. FIG
Date of publication, distribution, etc. 2000
300 ## - PHYSICAL DESCRIPTION
Extent 49p. ; 21cm.
490 ## - SERIES STATEMENT
Series statement FIG Publication
Volume/sequential designation No.20 March 2000
520 ## - SUMMARY, ETC.
Summary, etc. In co-operation with the United Nations
650 ## - SUBJECT ADDED ENTRY--TOPICAL TERM
Topical term or geographic name entry element FIG
650 ## - SUBJECT ADDED ENTRY--TOPICAL TERM
Topical term or geographic name entry element INTERNATIONAL
650 ## - SUBJECT ADDED ENTRY--TOPICAL TERM
Topical term or geographic name entry element INTERNATIONAL FEDERATION OF SURVEYORS
690 ## - LOCAL SUBJECT ADDED ENTRY--TOPICAL TERM (OCLC, RLIN)
Topical term or geographic name as entry element MAPPING AND MEASUREMENT
942 ## - ADDED ENTRY ELEMENTS (KOHA)
Suppress in OPAC 0
Holdings
Withdrawn status Lost status Source of classification or shelving scheme Damaged status Not for loan Home library Current library Shelving location Date acquired Total Checkouts Full call number Barcode Date last seen Copy number Price effective from Koha item type
    Dewey Decimal Classification     London London Books 26/06/2000   526.9 INT 30061627 06/08/2019 2 06/08/2019 Book